| 000 | 00992nam a22002657a 4500 | ||
|---|---|---|---|
| 005 | 20080915150959.0 | ||
| 008 | 080915t xxu||||| |||| 00| 0 hin d | ||
| 010 | _aHIN-91457 | ||
| 020 |
_c150.00 _a8185478899 |
||
| 035 | _aHN-63803 | ||
| 037 | _bDBAD / PUB | ||
| 040 |
_aDPL _bHN |
||
| 082 | _a827 | ||
| 100 |
_925136 _aगिरीश पंकज |
||
| 245 |
_aमंत्री को जुकाम / _cगिरीश पंकज |
||
| 246 |
_aMantri koo jukam _bGireesh Pankaj |
||
| 260 |
_aदिल्ली _bज्ञन भारती _c2009 |
||
| 270 |
_a4/14 रूप नगर _bदिल्ली _e110007 _l011- 23254407 |
||
| 300 |
_ax,135पृ _c22 सेमी(सजिल्द) |
||
| 650 | _91169 | ||
| 700 | _925138 | ||
| 700 | _925157 | ||
| 942 |
_adpl _cHN _2ddc _mगिरीश _h827 |
||
| 999 |
_c49695 _d49695 |
||